000 00567nam a2200193Ia 4500
003 GCL
008 140319s9999 xx 000 0 ara d
040 _aGCL /
_cGCL
082 0 4 _a215.1
_bع ك
100 1 _aعلى حسن الخربوطلى
245 1 0 _aالكعبة على مر العصور /
_cعلى حسن الخربوطلى
300 _a124 ص
490 _aاقرأ
_v0
650 0 4 _aالكعبة
650 0 4 _aالاسلام - تاريخ
650 0 4 _aالاثار الاسلامية
650 0 4 _aالحضارة الاسلامية
942 _2ddc
_cBK
999 _c50451
_d50451